La survivance humaine (Record no. 93032)

MARC details
000 -LEADER
campo de control de longitud fija 00730nam a2200205 i 4500
001 - NÚMERO DE CONTROL
campo de control 93032
003 - IDENTIFICADOR DE NÚMERO DE CONTROL
campo de control ES-MaACL
005 - FECHA Y HORA DE LA ÚLTIMA TRANSACCIÓN
campo de control 20251014063138.0
007 - CAMPO FIJO DE DESCRIPCIÓN FÍSICA--INFORMACIÓN GENERAL
campo de control de longitud fija t|
008 - DATOS DE LONGITUD FIJA--INFORMACIÓN GENERAL
campo de control de longitud fija 050407s1912 fr ||||1| fre d
100 1# - ENTRADA PRINCIPAL--NOMBRE DE PERSONA
Nombre de persona Lodge, Oliver,
Títulos y otros términos asociados al nombre Sir,
Fechas asociadas al nombre 1851-1940
9 (RLIN) 73074
245 13 - MENCIÓN DEL TÍTULO
Título La survivance humaine
Resto del título : étude de facultés non encore reconnues /
Mención de responsabilidad, etc. par Sir Oliver Lodge ; traduit de l'anglais sur la troisième édition par le Dr. H. Bourbon ; préface de J. Maxwell.
260 ## - PUBLICACIÓN, DISTRIBUCIÓN, ETC.
Lugar de publicación, distribución, etc. Paris :
Nombre del editor, distribuidor, etc. Félix Alcan,
Fecha de publicación, distribución, etc. 1912.
300 ## - DESCRIPCIÓN FÍSICA
Extensión V, 267 p. ;
Dimensiones 23 cm.
650 #4 - PUNTO DE ACCESO ADICIONAL DE MATERIA--TÉRMINO DE MATERIA
Término de materia o nombre geográfico como elemento de entrada Poderes psíquicos.
9 (RLIN) 149124
700 1# - ENTRADA AGREGADA--NOMBRE PERSONAL
Nombre de persona Bourbon, H.
9 (RLIN) 30946
700 1# - ENTRADA AGREGADA--NOMBRE PERSONAL
Nombre de persona Maxwell, Joseph.
9 (RLIN) 79316
852 ## - LOCALIZACIÓN
Ubicación ES-MaACL
Número de control de estantería B-6851
Holdings
Estatus retirado Estado de pérdida Estado de daño No para préstamo Biblioteca de origen Biblioteca actual Ubicación en estantería Fecha de adquisición Fuente de adquisición Total de préstamos Signatura topográfica completa Código de barras Visto por última vez Precio de reemplazo Tipo de ítem Koha
        Biblioteca del Ateneo de Madrid Biblioteca del Ateneo de Madrid Sala Pardo Bazán 17/01/2008     B-6851 1097115 23/02/2023 23/02/2023 Libro impreso